<?xml version="1.0" encoding="UTF-8"?>
<record
    xmlns:xsi="http://www.w3.org/2001/XMLSchema-instance"
    xsi:schemaLocation="http://www.loc.gov/MARC21/slim http://www.loc.gov/standards/marcxml/schema/MARC21slim.xsd"
    xmlns="http://www.loc.gov/MARC21/slim">

  <leader>02467cam a2200517 a 4500</leader>
  <controlfield tag="001">35763</controlfield>
  <controlfield tag="003">BD-RjUL</controlfield>
  <controlfield tag="005">20211209052356.0</controlfield>
  <controlfield tag="008">751101s1953    fr br    a    0   a0eng c</controlfield>
  <datafield tag="035" ind1=" " ind2=" ">
    <subfield code="a">(BD-RjUL)35858</subfield>
    <subfield code="a">(OCoLC)ocm01753679</subfield>
  </datafield>
  <datafield tag="040" ind1=" " ind2=" ">
    <subfield code="a">MnMULS</subfield>
    <subfield code="c">MnMULS</subfield>
    <subfield code="d">BD-RjUL</subfield>
    <subfield code="b">eng</subfield>
  </datafield>
  <datafield tag="041" ind1="0" ind2=" ">
    <subfield code="a">eng</subfield>
    <subfield code="a">fre</subfield>
  </datafield>
  <datafield tag="082" ind1="0" ind2="4">
    <subfield code="a">320.82</subfield>
    <subfield code="b">UNI V-3 No.3 1953</subfield>
  </datafield>
  <datafield tag="110" ind1=" " ind2="2">
    <subfield code="a">Unesco.</subfield>
    <subfield code="9">147958</subfield>
  </datafield>
  <datafield tag="245" ind1="1" ind2="0">
    <subfield code="a">International political science abstracts :</subfield>
    <subfield code="c">International Political Science Association and International Studies Conference; Association internationale de science politique [et] Conf&#xE9;rence permanente des hautes &#xE9;tudes internationales </subfield>
    <subfield code="b">Documentation politique internationale /</subfield>
  </datafield>
  <datafield tag="246" ind1="3" ind2="1">
    <subfield code="a">Documentation politique internationale</subfield>
  </datafield>
  <datafield tag="260" ind1=" " ind2=" ">
    <subfield code="a">Paris :</subfield>
    <subfield code="b">Presses universitaires de France,</subfield>
    <subfield code="c">1953-1954 </subfield>
  </datafield>
  <datafield tag="300" ind1=" " ind2=" ">
    <subfield code="a">V. ;</subfield>
    <subfield code="c">24 cm.</subfield>
  </datafield>
  <datafield tag="500" ind1=" " ind2=" ">
    <subfield code="a">Title from cover.</subfield>
  </datafield>
  <datafield tag="504" ind1=" " ind2=" ">
    <subfield code="a">Includes index.</subfield>
  </datafield>
  <datafield tag="515" ind1="0" ind2=" ">
    <subfield code="a">Vol. 1-- Vol 3- Vol 4 -- </subfield>
  </datafield>
  <datafield tag="550" ind1=" " ind2=" ">
    <subfield code="a">Vols. for 1951- published with the assistance of Unesco and the Co-ordinating Committee on Documention in the Social Sciences; for &lt;1974- &gt; published by the International Political Science Association in co-operation with the International Committee for Social Sciences Documentation.</subfield>
  </datafield>
  <datafield tag="650" ind1=" " ind2="0">
    <subfield code="a">Political science</subfield>
    <subfield code="v">Abstracts.</subfield>
    <subfield code="9">108929</subfield>
  </datafield>
  <datafield tag="650" ind1=" " ind2="0">
    <subfield code="a">World politics</subfield>
    <subfield code="y">1945-1989</subfield>
    <subfield code="v">Abstracts.</subfield>
    <subfield code="9">108930</subfield>
  </datafield>
  <datafield tag="650" ind1=" " ind2="0">
    <subfield code="a">World politics</subfield>
    <subfield code="y">1989-</subfield>
    <subfield code="v">Abstracts.</subfield>
    <subfield code="9">108931</subfield>
  </datafield>
  <datafield tag="650" ind1=" " ind2="0">
    <subfield code="a">International law</subfield>
    <subfield code="v">Abstracts.</subfield>
    <subfield code="9">108932</subfield>
  </datafield>
  <datafield tag="650" ind1="1" ind2="7">
    <subfield code="a">Politieke wetenschappen.</subfield>
    <subfield code="2">gtt</subfield>
    <subfield code="9">4432</subfield>
  </datafield>
  <datafield tag="650" ind1=" " ind2="6">
    <subfield code="a">Science politique</subfield>
    <subfield code="v">R&#xE9;sum&#xE9;s analytiques.</subfield>
    <subfield code="9">108933</subfield>
  </datafield>
  <datafield tag="650" ind1="1" ind2="7">
    <subfield code="a">POLITICAL SCIENCE.</subfield>
    <subfield code="2">unbist</subfield>
    <subfield code="9">108934</subfield>
  </datafield>
  <datafield tag="650" ind1="1" ind2="7">
    <subfield code="a">WORLD POLITICS.</subfield>
    <subfield code="2">unbist</subfield>
    <subfield code="9">108935</subfield>
  </datafield>
  <datafield tag="650" ind1="1" ind2="7">
    <subfield code="a">INTERNATIONAL LAW.</subfield>
    <subfield code="2">unbist</subfield>
    <subfield code="9">108936</subfield>
  </datafield>
  <datafield tag="650" ind1="2" ind2="7">
    <subfield code="a">ABSTRACTS.</subfield>
    <subfield code="2">unbist</subfield>
    <subfield code="9">33223</subfield>
  </datafield>
  <datafield tag="710" ind1="2" ind2=" ">
    <subfield code="a">International Political Science Association.</subfield>
    <subfield code="9">108245</subfield>
  </datafield>
  <datafield tag="710" ind1="2" ind2=" ">
    <subfield code="a">Unesco.</subfield>
    <subfield code="9">108937</subfield>
  </datafield>
  <datafield tag="710" ind1="2" ind2=" ">
    <subfield code="a">Co-ordinating Committee on Documentation in the Social Sciences.</subfield>
    <subfield code="9">108938</subfield>
  </datafield>
  <datafield tag="710" ind1="2" ind2=" ">
    <subfield code="a">International Committee for Social Sciences Documentation.</subfield>
    <subfield code="9">108939</subfield>
  </datafield>
  <datafield tag="711" ind1="2" ind2=" ">
    <subfield code="a">International Studies Conference.</subfield>
    <subfield code="9">108940</subfield>
  </datafield>
  <datafield tag="776" ind1="1" ind2=" ">
    <subfield code="t">International political science abstracts (CD-ROM)</subfield>
    <subfield code="w">(OCoLC)35861806</subfield>
  </datafield>
  <datafield tag="776" ind1="1" ind2=" ">
    <subfield code="t">International political science abstracts (Online)</subfield>
    <subfield code="x">1751-9292</subfield>
  </datafield>
  <datafield tag="942" ind1=" " ind2=" ">
    <subfield code="2">ddc</subfield>
    <subfield code="c">BK</subfield>
  </datafield>
  <datafield tag="999" ind1=" " ind2=" ">
    <subfield code="c">35763</subfield>
    <subfield code="d">35763</subfield>
  </datafield>
  <datafield tag="952" ind1=" " ind2=" ">
    <subfield code="0">0</subfield>
    <subfield code="1">0</subfield>
    <subfield code="2">ddc</subfield>
    <subfield code="4">0</subfield>
    <subfield code="7">1</subfield>
    <subfield code="8">NFIC</subfield>
    <subfield code="a">RUCL</subfield>
    <subfield code="b">RUCL</subfield>
    <subfield code="c">Reading</subfield>
    <subfield code="d">1955-05-05</subfield>
    <subfield code="e">Feroz sons</subfield>
    <subfield code="g">3.80</subfield>
    <subfield code="l">0</subfield>
    <subfield code="o">320.82 UNI V-3 No.3 1953</subfield>
    <subfield code="r">2014-06-08 00:00:00</subfield>
    <subfield code="t">C-1</subfield>
    <subfield code="w">2021-12-09</subfield>
    <subfield code="y">BK</subfield>
  </datafield>
  <datafield tag="952" ind1=" " ind2=" ">
    <subfield code="0">0</subfield>
    <subfield code="1">0</subfield>
    <subfield code="2">ddc</subfield>
    <subfield code="4">0</subfield>
    <subfield code="7">0</subfield>
    <subfield code="8">NFIC</subfield>
    <subfield code="a">RUCL</subfield>
    <subfield code="b">RUCL</subfield>
    <subfield code="c">Stack</subfield>
    <subfield code="d">1955-05-05</subfield>
    <subfield code="e">Feroz sons</subfield>
    <subfield code="g">3.80</subfield>
    <subfield code="l">0</subfield>
    <subfield code="o">320.82 UNI V-4 No.3 1954</subfield>
    <subfield code="r">2016-08-18 00:00:00</subfield>
    <subfield code="t">C-2</subfield>
    <subfield code="w">2021-12-09</subfield>
    <subfield code="y">BK</subfield>
  </datafield>
</record>
